Gaming Quiz

Random Gaming or Board Games Quiz
Score 0/26 Timer 05:00
2 Plays Today
Clue Word % Correct
Mario's brotherLuigi
94.1%
Chess pieceQueen
92.1%
The Legend of _____Zelda
91.3%
_____ Who?Guess
88%
Wooden block removal gameJenga
87.7%
'80s video game console: _____ 5200Atari
86.5%
_____ Carolina AvenueNorth
86.3%
The PlayStation platformer, _____ BandicootCrash
86.2%
_____ TrapMouse
85.3%
Poker handFlush
85.3%
Word game: ___'__ Been SentencedYou've
75.2%
Pink, spherical Nintendo characterKirby
72.7%
2011 PS3 tactics game: _____ SiegeUnder
71.8%
Clue Word % Correct
Inventor of popular '80s combination puzzle Rubik
67.9%
221B _____ Street: The Master Detective GameBaker
61.2%
Trivial pursuit pieceWedge
57.1%
Risk territoryIndia
56.2%
Masters of the Universe: The Power of __-___He-Man
55.8%
Clue(do) roomStudy
55.5%
Star Wars _-____ miniatures gameX-Wing
54.1%
Generation 1 PokémonEkans
47.4%
Fallout protagonist: the _____ DwellerVault
45.9%
Dungeons & Dragons raceDwarf
40.7%
Hasbro word-guessing gameTaboo
30.2%
World shipping trade game: _____ TraderOcean
27.5%
Star Fox team memberPeppy
26.5%

You're not logged in!

Compare scores with friends on all Sporcle quizzes.
OR
Log In

Sporcle TV

Today on Sporcle TV


Watch our educational content, quiz creation guides, and fun videos on Sporcle TV.

Show Comments

Extras

Top Quizzes Today


Score Distribution

Paid Content

Your Account Isn't Verified!

In order to create a playlist on Sporcle, you need to verify the email address you used during registration. Go to your Sporcle Settings to finish the process.

Report this User

Report this user for behavior that violates our Community Guidelines.

Details: